Trikrát "D" - dispozícia -dizajn -dekorovanie
Ako vyzerá hotelová izba, je v rukách investora a interiérového dizajnéra. O tom, či izba pôsobí príjemne a či si hostia v nej dostatočne oddýchnu, rozhodujú tri D parametre: dispozícia, dizajn a dekor. Na konečnom vzhľade interiéru sa vo veľkej miere podieľa: dekoratívna úprava stien, textílie, ume...
Guardado en:
| Autor principal: | |
|---|---|
| Formato: | Capítulo de libro |
| Lenguaje: | eslovaco |
| Materias: | |
| Etiquetas: |
Sin Etiquetas, Sea el primero en etiquetar este registro!
|
MARC
| LEADER | 00000naa a2200000 4500 | ||
|---|---|---|---|
| 001 | 0247901 | ||
| 005 | 20180926090848.5 | ||
| 041 | 0 | |a slo | |
| 044 | |a SK | ||
| 245 | 1 | 0 | |a Trikrát "D" - dispozícia -dizajn -dekorovanie |c Katarína Fialová |
| 520 | |a Ako vyzerá hotelová izba, je v rukách investora a interiérového dizajnéra. O tom, či izba pôsobí príjemne a či si hostia v nej dostatočne oddýchnu, rozhodujú tri D parametre: dispozícia, dizajn a dekor. Na konečnom vzhľade interiéru sa vo veľkej miere podieľa: dekoratívna úprava stien, textílie, umelecké predmety, audiovizuálna technika, zrkadlá, kvety a rastliny a iné doplnky. Súčasným trendom v oblasti hotelierstva je snaha stále viac sa odlíšiť od iných hotelov na trhu a zacieliť sa na špecifický typ zákazníka. Trendom je aj záujem o dizajnové hotely. | ||
| 610 | 2 | 0 | |a hotelierstvo |
| 610 | 2 | 0 | |a hotely |
| 610 | 2 | 0 | |a dizajn |
| 610 | 2 | 0 | |a textil |
| 100 | 1 | |a Fialová, Katarína | |